Bilecik Bilecik Bilecik Bilecik Bilecik

Kafkasya Türkleri/ (Record no. 4449)

MARC details
000 -BAŞLIK
Sabit Uzunluktaki Kontrol Alanı 01075nam a22003257a 4500
001 - KONTROL NUMARASI
Control Dosyası 0004467
003 - KONTROL NUMARASI KİMLİĞİ
Kontrol Alanı KOHA_MİRAKIL
005 - EN SON İŞLEM TARİHİ ve ZAMANI
Kontrol Alanı 20260207001414.0
007 - FİZİKSEL TANIM SABİT ALAN - GENEL BİLGİ
Sabit uzunluklu kontrol alanı ta
008 - SABİT UZUNLUKTAKİ VERİ ÖGELERİ - GENEL BİLGİ
Sabit Alan 160518b1993 tu |||gr||||#||||0|tur |
020 ## - ISBN - ULUSLARARASI STANDART KİTAP NUMARASI
Isbn 9754980721
Kullanılabilirlik koşulları 0,01
040 ## - KATALOGLAMA KAYNAĞI
Özgün Kataloglama Kurumu TR-BiSEU
Kataloglama Dili tur
Çeviri Kurumu TR-BiSEU
Açıklama Kuralları rda
041 0# - DİL KODU
Metin ya da ses kaydının dil kodu tur
044 ## - YAYINLAYAN/ÜRETEN KURULUŞUN ÜLKE KODU
ISO country code tu
050 ## - SINIFLAMA ve YER NUMARASI
Sınıflama Numarası DK511
Yer Numarası .R47 1993
100 1# - KİŞİ ADI
Yazar Adı (Kişi adı) Resulzade, Mehmed Emin.
245 1# - ESER ADI BİLDİRİMİ
Başlık Kafkasya Türkleri/
Sorumluluk Bildirimi Mehmed Emin Resulzade ; Mehmed Emin Resulzade; hazırlayanlar Yavuz Akpınar, İrfan Murat Yıldırım, Selahattin Çağın.
264 #1 - ÜRERİM, YAYIN, DAĞITIM ve TELİF BİLDİRİMİ
Yayın yeri İstanbul :
Yayınlayan Türk Dünyası Araştırma Vakfı,c1993.
Yayın tarihi 1993
300 ## - FİZİKSEL TANIMLAMA
Sayfa, Cilt vb. 132 sayfa; 23 cm.
336 ## - İÇERİK TÜRÜ
Content type term metin
Content type code txt
Source rdacontent
337 ## - MEDYA TÜRÜ
Media type term aracısız
Media type code n
Source rdamedia
338 ## - TAŞIYICI TÜRÜ
Carrier type term cilt
Carrier type code nc
Source rdacarrier
490 1# - DİZİ BİLDİRİMİ
Dizi Bildirimi Bütün Eserleri ;
Cilt Numarası 3.
500 ## - GENEL NOT
Genel Not Dizin var.
650 #0 - KONU BAŞLIĞI EK GİRİŞ - KONU TERİMİ
Konusal terim veya coğrafi ad Caucasian--History.
9 (RLIN) 10986
650 #0 - KONU BAŞLIĞI EK GİRİŞ - KONU TERİMİ
Konusal terim veya coğrafi ad Russian (S.F.S.R.)--History.
9 (RLIN) 10987
650 #0 - KONU BAŞLIĞI EK GİRİŞ - KONU TERİMİ
Konusal terim veya coğrafi ad Ethnology--Russian (S.F.S.R.)--Turks.
9 (RLIN) 10988
830 1# - SERİ EK GİRİŞİ - TEKBİÇİM ESER ADI
Tekbiçim Başlık Bütün Eserleri ;
Volume number/sequential designation 3.
9 (RLIN) 10989
942 ## - EK GİRİŞ ÖGELERİ (KOHA)
Source of classification or shelving scheme Library of Congress Classification
Koha item type Book
Holdings
Materyal Türü Kalıcı Konum Mevcut Konum Raf Yeri Sınıflandırma Kaynağı Edinim Bilgisi Ana Konular Alt Konular Yer Numarası Demirbaş Numarası Fatura Tarihi Geri Çekilme Durumu Kayıp Durumu Hasarlı Durumu Kredi için değil Kayıt Tarih Toplam Ödünçverme Son Görülme Tarihi Son Kontrol Tarihi Genel / Bağış Notu
Book Prof. Dr. Azmi Özcan Kütüphanesi Prof. Dr. Azmi Özcan Kütüphanesi Uluğbey Salonu Library of Congress Classification Bağış DÜNYA TARİHİ (AVRUPA, ASYA, AFRİKA VB.) Rusya, Sovyetler Birliği, Eski Sovyet Cumhuriyetleri - Polonya DK511 .R47 1993 0004467 13/08/2010         07/05/2009 2 05/12/2024 05/12/2024 İİBF
Book Prof. Dr. Azmi Özcan Kütüphanesi Prof. Dr. Azmi Özcan Kütüphanesi Uluğbey Salonu Library of Congress Classification Bağış DÜNYA TARİHİ (AVRUPA, ASYA, AFRİKA VB.) Rusya, Sovyetler Birliği, Eski Sovyet Cumhuriyetleri - Polonya DK511 .R47 1993 0057918 02/02/2026         18/05/2016   05/12/2024 05/12/2024 Abdulkerim Abdulkadiroğlu, Akademisyen